01069nabaa22001937a 4500999001500000003000400015005001700019008004100036040000700077100003000084245012500114300001300239505033300252505009000585650003200675700003400707773012100741942001300862 c6104d6104OSt20260122084610.0190701b xxu||||| |||| 00| 0 spa d cPJ 94984aFlores, Álvaro B.13aLa aplicación de la Ley General de Sociedades en las empresas públicas /cÁlvaro B. Flores, Augusto José Paulos. ap. 63-70 aSumario: I. Cuestiones preliminares.— II. El marco normativo aplicable.— III. El funcionamiento y la organización de las Sociedades del Estado.— IV. El funcionamiento y la organización de las sociedades anónimas estatales y las sociedades anónimas con participación estatal mayoritaria.— V. Palabras finales.  t¿Te interesa el texto completo? Comunicate al correo: koha@justierradelfuego.gov.ar  09211aDERECHO ADMINISTRATIVO 96872aPaulos, Augusto José 0 0284293251dBuenos Aires : AbeledoPerrot, 2012-oDA121tDerecho administrativo. Nº 145 enero/febrero 2023z18510590 2udccANA